000 00368nam a2200157Ia 4500
003 Ost
005 20260225132546.0
008 260225s9999||||xx |||||||||||||| ||und||
040 _cfsic
041 _afre
082 _a440
100 _aAbderrahmane Mahmoudi
_eAuteur
245 0 _aLa face caché du mensonge /
245 0 _cAbderrahmane Mahmoudi
942 _cكتاب
999 _c33827
_d33827